Online
Catalog

Ética y ciudadania / (Record no. 15576)

MARC details
000 -CABECERA
campo de control de longitud fija 00984cam a2200301 a 4500
001 - NÚMERO DE CONTROL
campo de control 000016034
005 - FECHA Y HORA DE LA ÚLTIMA TRANSACCIÓN
campo de control 20260114121206.0
008 - DATOS DE LONGITUD FIJA--INFORMACIÓN GENERAL
campo de control de longitud fija 020320s1999 ve 000 0 spa
010 ## - NÚMERO DE CONTROL DE LA BIBLIOTECA DEL CONGRESO
Número de control de LC 2002417524
020 ## - NÚMERO INTERNACIONAL ESTÁNDAR DEL LIBRO
Número Internacional Estándar del Libro 8495776197
035 ## - NÚMERO DE CONTROL DEL SISTEMA
Número de control de sistema (OCoLC)49382598
035 ## - NÚMERO DE CONTROL DEL SISTEMA
Número de control de sistema (WaOLN)M090000208
035 ## - NÚMERO DE CONTROL DEL SISTEMA
Número de control de sistema (CStRLIN)NYPGR49382598-B
040 ## - FUENTE DE LA CATALOGACIÓN
Centro catalogador/agencia de origen DO-SdBNP
Centro/agencia transcriptor *PL#*
Centro/agencia modificador *I5B*
-- OCLCQ
-- NN
-- OCoLC
-- CStRLIN
-- DLC
042 ## - CÓDIGO DE AUTENTICACIÓN
Código de autenticación lccopycat
082 ## - NÚMERO DE LA CLASIFICACIÓN DECIMAL DEWEY
Número de clasificación 172.2
Número de documento/Ítem S266e
049 ## - FONDOS LOCALES (OCLC)
Fondos de biblioteca BNGR
100 1# - ENTRADA PRINCIPAL--NOMBRE DE PERSONA
Nombre de persona Savater, Fernando.
Fechas asociadas al nombre 1947-
9 (RLIN) 20728
245 10 - MENCIÓN DE TÍTULO
Título Ética y ciudadania /
Mención de responsabilidad, etc. Fernando Savater.
260 ## - PUBLICACIÓN, DISTRIBUCIÓN, ETC.
Lugar de publicación, distribución, etc. Caracas :
Nombre del editor, distribuidor, etc. Monte Ávila Editores Latinoamericanos:
-- Contraloría General de la República;,
Fecha de publicación, distribución, etc. 1999.
300 ## - DESCRIPCIÓN FÍSICA
Extensión viii, 303p. ;
Dimensiones 19 cm.
490 1# - MENCIÓN DE SERIE
Mención de serie 30 Aniversario
Designación de volumen o secuencia v.11
504 ## - NOTA DE BIBLIOGRAFÍA, ETC.
Nota de bibliografía, etc. Incluye listado de obras de la colección
650 #0 - PUNTO DE ACCESO ADICIONAL DE MATERIA--TÉRMINO DE MATERIA
Término de materia o nombre geográfico como elemento de entrada Ética política
9 (RLIN) 1332
650 #0 - PUNTO DE ACCESO ADICIONAL DE MATERIA--TÉRMINO DE MATERIA
Término de materia o nombre geográfico como elemento de entrada Educación cívica
9 (RLIN) 1206
830 #0 - PUNTO DE ACCESO ADICIONAL DE SERIE-TÍTULO UNIFORME
Título uniforme 30 Aniversario
Designación de volumen o secuencia v.11
9 (RLIN) 35991
910 ## - DATOS DE OPCIÓN DEL USUARIO (OCLC)
Datos de opción del usuario Catalogación derivada
Holdings
Estado de retiro Estado de pérdida Restricciones de uso No para préstamo Código de colección Localización permanente Ubicación/localización actual Ubicación en estantería Fecha de adquisición Número de inventario Total de préstamos Signatura topográfica completa Código de barras Fecha visto por última vez Precio válido a partir de Tipo de ítem Koha
    Préstamo interno   Monografías: Libros y Folletos General General En catalogación 23.02.2010 LF1   172.2 S266e 16034-10 25.06.2020 25.06.2020 Préstamo interno

Powered by Koha